00838nab a2200241 uc450000100070000000500170000700800410002403500110006503500210007604000130009704100080011010000340011824501200015265000370027265000370030965000240034665000310037070000340040170000360043577300960047199900190056794200100058633501020240201131022.0990222e19931231 spa  a335010 a(OCoLC)819772662 ccomduadb aspa10aEsparza, P.4auteaut949688310aPicado de un tubo de un intercambiador de calor en una central termica refrigerada por agua de mar : caso historico aIntercambiadores de calor933125 aCentrales termoeléctricas9974 aAguas marinas97176 aCorrosion del laton95780410aMorales, J.4auteaut935021910aKrijer, S. M.4auteaut92893260 tAnales de Química (Madrid)gVol. 89, No. 04, Jul. 1993, p. 530-533w8245x1130-228304311 c112887d112887 cARIMP